WJEC Chemistry Unit 4; reactions I forget - Statistics

General Stats
  • This quiz has been taken 9 times
  • The average score is 6 of 21
Answer Stats
Reaction Reactants Product % Correct
Hydrolysis of Halogenoalkane Bromobutane + Sodium Hydroxide Butanol
67%
Amines from Carboxylic acids Ethanoic acid + Ammonia Ethanamide
67%
Nitration of Benzene Benzene + Nitric acid Nitrobenzene
67%
Primary aromatic Amines with cold Nitric acid Phenylamine + Nitric acid Benzenediazonium Chloride
33%
Halogenation of Benzene Benzene + Bromine Bromobenzene
33%
Reduction of Carboxylic acid Ethanoic acid + Lithium Tetrahyridoaluminate Ethanol
33%
Acid Chloride from Carboxylic acid Ethanoic acid + Phosphorus Pentachloride Ethanoyl Chloride
33%
Friedel-Crafts Alkylation Benzene + Ethyl Chloride Ethylbenzene
33%
Decarboxylation of carboxylic acids Methanoic acid + Soda lime Methane
33%
Reduction of Aldehyde Methanal + Tetrahydridoborate Methanol
33%
Aromatic Amines from Nitrobenzenes Nitrobenze + Lithium Tetrahydidoaluminate Phenylamine
33%
Coupling Reaction with Benzenediazonium Salts Benzenediazonium Chloride + Phenol Phenylazophenol
33%
Primary Amine with cold Nitric acid Propylamine + Nitric acid Propanol
33%
Esterification Methanoic acid + Propanol Propyl Methanoate
33%
Phenol with Bromine Phenol + Bromine Tribromophenol
33%
Dehydration of Amide Ethanamide + Phosphorus Oxide Ethanenitrile
0%
Hydrolysis of Nitrile Ethanenitrile + Sulfuric acid Ethanoic acid
0%
Hydroxynitriles from Aldehydes Benzenoic Acid + Cyanide Hydroxybenzonitrile
0%
Ethanoylation of Primary Amines Methylamine + Ethylchloride Methylethylamide
0%
Alcohol with Ethanoyl Chloride Methanol + Ethanoyl Chloride Methylethyl Ethanoate
0%
Reduction of Nitrile Ethanenitrile + Lithium Tetrahydridoaluminate Propylamine
0%
No matching quizzes found
Score Distribution
Percent of People with Each Score
Percentile by Number Answered
Your Score History
You have not taken this quiz